00451 2200169 4500001002100000005001500021035002000036245007200056100001800128250002000146300001800166260003800184082000800222084001400230020002200244600001500266INLIS00000000000056420220816122930 a0010-08220000041 aPanduan Pendidika Antikorupsi siswa SMP/MTS KLS 9 /cRanti Febrian0 aRanti Febrian acetakan pertama aviii, 125 hlm aBandar lampung :bErlangga,c2021 a500 a500 RAN p a978-623-7478-42-3 4apendidikan